01587cam a22004097a 4500003000500000005001700005008004100022010001000063011001000073035001000083040000900093090001800102100003800120245015500158260007500313300001000388410004800398490003200446590004100478590004100519590004100560590004100601590004200642650002800684650003300712650002000745650004400765700003100809810005500840830004000895901000700935905002300942942000900965949005100974999001701025952013501042CHAP20220329142334.0000817d2000 mx r 00110 spa d a82001 a82973 a93481 cCHAP aFolleto 1601900aMarañon Pimentel, Boris.97123410aRespuestas institucionales para el manejo de los acuíferos en la cuenca Lerma-Chapala, Méxicoc/por Boris Marañón- Pimentel y Philippus Wester aMéxico, D. F. :bInstituto Internacional del Manejo del Agua,c2000. a53 p. aInstituto Internacional del Manejo del Agua 0aSerie latinoamericanav; 17 aBATCH-UPDb10c20130110lUCH01h0537 aBATCH-UPDb10c20130110lUCH01h2335 aBATCH-UPDb10c20130410lUCH01h0218 aBATCH-UPDb10c20130914lUCH01h1111 aCONVERSIONb10c20130109lUCH01h134614aAgua subterranea.9245614aCuenca Lerma-Chapala.93007414aCuencas.93008514aCuencasxPolítica y programas.9300870 aWester, Philippus.912154300aInstituto Internacional del Manejo del Agua95923600aSerie latinoamericanav; 179104944 aBK aLilia Sánchez G. cFOLL aFolleto 16019bBCcFOLLd934811eTS1i93481sb c82001d82001 00102local4051708FOLLaBCbBCcPA_FOLLETOSd2012-12-17fFOLLl0oFolleto 16019p934811r2019-12-31 00:00:00w2012-12-17yFOLL